French writings on India and South Asia Revolutionary passions: (Record no. 150917)

MARC details
000 -LEADER
fixed length control field 00816nam a22002297a 4500
005 - DATE AND TIME OF LATEST TRANSACTION
control field 20180423123034.0
010 ## - LCCN (DPL NO)
LC control number ENG-122529
020 ## - INTERNATIONAL STANDARD BOOK NUMBER
International Standard Book Number 9789383166176
Terms of availability 625.00
035 ## - SYSTEM CONTROL NUMBER
System control number EN-106061
037 ## - SOURCE OF ACQUISITION
Source of stock number/acquisition DBAD/PUB.
082 ## - DEWEY DECIMAL CLASSIFICATION NUMBER
Classification number 321
100 ## - MAIN ENTRY--PERSONAL NAME
Personal name Bozarslan, Hamit
245 ## - TITLE STATEMENT
Title French writings on India and South Asia Revolutionary passions:
Statement of responsibility, etc by Hamit Bozarslan; Gilles Bataillon [and] Christophe Jaffrelof; translated by Soma Datta Gupta
Remainder of title Latin Americal, middle east and india /
260 ## - PUBLICATION, DISTRIBUTION, ETC. (IMPRINT)
Place of publication, distribution, etc New Delhi
Name of publisher, distributor, etc Social Science Press
Date of publication, distribution, etc 2017
270 ## - ADDRESS
Address 69, Jor Bagh,
City New Delhi
Postal code 110003
300 ## - PHYSICAL DESCRIPTION
Extent 201p.
Other physical details ill.
Dimensions 22cm.(Hb)
500 ## - GENERAL NOTE
General note Includes bibliography
700 ## - ADDED ENTRY--PERSONAL NAME
Dates associated with a name Gilles Bataillon
700 ## - ADDED ENTRY--PERSONAL NAME
Dates associated with a name Jaffrelof, Christophe
700 ## - ADDED ENTRY--PERSONAL NAME
Dates associated with a name Gupta, Soma Datta
942 ## - ADDED ENTRY ELEMENTS (KOHA)
Source of classification or shelving scheme Dewey Decimal Classification
Item type English Books
Call number suffix BOZ
Classification part 321
Holdings
Withdrawn status Lost status Not for loan Collection code Home library Current library Date acquired Source of acquisition Cost, normal purchase price Full call number Barcode Copy number Cost, replacement price Koha item type
    Not For Loan Non-fiction D.B.Act.Division Patel Nagar 10/04/2018 DBAD/PUB 625.00 321BOZ EN-106061 1 625.00 English Books

© Delhi Public Library
Hit Counter
free hit counter